Alltagsrassismus : Eine Untersuchung bei Jugendlichen in Deutschland und den Niederlanden
Αποθηκεύτηκε σε:
| Κύριος συγγραφέας: | |
|---|---|
| Μορφή: | Βιβλίο |
| Γλώσσα: | German |
| Δημοσίευση: |
Munster :
Waxmann,
2001
|
| Σειρά: | Interkulturelle Bildungsforschung ;
; 9 |
| Θέματα: | |
| Ετικέτες: |
Προσθήκη ετικέτας
Δεν υπάρχουν, Καταχωρήστε ετικέτα πρώτοι!
|
MARC
| LEADER | 00000nam a2200000 i 4500 | ||
|---|---|---|---|
| 001 | 1/30979 | ||
| 008 | 030123s2001 ger d | ||
| 020 | |a 3-89325-620-2 | ||
| 035 | |l 10069077 | ||
| 040 | |a GR-MY-UA |b gre |e aacr | ||
| 041 | 0 | |a ger | |
| 082 | 0 | |a 320.540943 | |
| 100 | 1 | |a Leiprecht, Rudolf. | |
| 245 | 1 | 0 | |a Alltagsrassismus : |b Eine Untersuchung bei Jugendlichen in Deutschland und den Niederlanden / |c Rudolf Leiprecht |
| 260 | |a Munster : |b Waxmann, |c 2001 | ||
| 300 | |a 470 p. | ||
| 490 | 1 | |a Interkulturelle Bildungsforschung |v ; 9 | |
| 650 | 0 | 0 | |a Racism |z Germany |x Public opinion. |
| 650 | 0 | 0 | |a Racism |z Netherlands |x Public opinion. |
| 650 | 0 | 0 | |a Youth |z Germany |x Attitudes. |
| 650 | 0 | 0 | |a Youth |z Netherlands |x Attitudes. |
| 651 | 0 | |a Netherlands |x Race relations |x Public opinion. | |
| 651 | 0 | |a Germany |x Race relations |x Public opinion. | |
| 830 | 0 | |a Interkulturelle Bildungsforschung ; |v ; 9 | |
| 852 | |a INST |b RHODES |e 20030123 |h 320.540943 LEI |p 005400015866 |q 005400015866 |t BK |y 0 | ||
| 901 | |a BIBL4-2003-1 | ||
| 909 | |a Ρ |b 103055 | ||
| 922 | |a 4ΕΛΗ |b 200211 |c ΕΠΕΑΕΚ2/ΤΕΠΑΕΣ |d ΠΑΠΑΣΩΤΗΡΙΟΥ & ΕΛΕΥΘΕΡΟΥΔΑΚΗΣ | ||
| 970 | |a ΚΟΥΛΑΚΙΟΤΗ |b ΛΙΤΣΑ |z 2003/01/23 | ||